Spomienka na I. I. Mečnikova

Bibliographic Details
Main Author: Pospíšil, Rastislav (Author)
Format: Article
Language:Slovak
ISSN:1335-0234
Subjects:

MARC

LEADER 00000nab a2200000 a 4500
001 vtls000568218
003 SK-MaSNL
005 20260304083902.0
008 250425c1995 xo 0 slo
015 |a SNBRB19rr/mm-uuuuu 
035 |a CL0568356 
035 |a urn:nbn:sk:snk-abeoa 
035 |a (urnnbn)urn:nbn:sk:snk:ar-a055y2 
035 |a (uuid)8c47f8bf-2107-48a1-b64a-82ace0380545 
040 |a SNKBUCL  |b slo  |c SNKBUCL  |e AACR2 
041 0 |a slo 
044 |a xo  |c SK 
080 |a 57-051  |2 1981 
080 |a 929 Mečnikov, Iľja Iľjič  |2 1981 
100 1 |a Pospíšil, Rastislav  |4 aut  |9 297248 
245 1 0 |a Spomienka na I. I. Mečnikova  |c Rastislav Pospíšil 
600 1 7 |a Mečnikov, Il'ja Il'jič,  |d 1845-1916  |2 snkbucl  |9 1375418 
655 7 |a články z novín a časopisov  |2 snkbucl  |9 267496 
773 0 |t Slovenský lekár  |g Roč. 5 (19), č. 11 (1995), s. 29-30  |x 1335-0234 
850 |a Slovenská národná knižnica 
852 |a Slovenská národná knižnica 
954 |a odborná, vedecká literatúra pôvodná (slovenská)  |2 lita 
958 |a article27 
958 |a RK 
958 |a BC 
958 |a ME 
958 |a OND 
958 |a EUIPO 
992 |a RBX 
999 |c 2801547  |d 2803477